| 000 | 00649nam a22002417a 4500 | ||
|---|---|---|---|
| 003 | UA-OsUOA | ||
| 001 | 52800 | ||
| 007 | ta | ||
| 008 | 20080304b un ||||| |||| 00| 0 ukr d | ||
| 100 | _aГірченко Т. Д. | ||
| 090 |
_a658.8(075.8) _bГ51 |
||
| 942 | _cBK | ||
| 040 |
_aUA-OsUOA _bukr _cUA-OsUOA _dUA-OsUOA |
||
| 245 |
_aМаркетинг _bНавчальний посібник |
||
| 300 | _a255 с. | ||
| 955 | _a2 | ||
| 041 | _aukr | ||
| 080 | _a658.8(075.8) | ||
| 020 | _a966-8347-46-3 | ||
| 260 |
_aК. _bЦНЛ _c2007 |
||
| 650 | 7 |
_a339.1 Загальні питання торгівлі. Ринок _2UDC |
|
| 999 |
_c338890 _d338890 |
||